书目信息 |
| 题名: |
刍荛集
|
|
| 作者: | (明)周是修 撰 | |
| 分册: | 一 | |
| 出版信息: | 北京 中国书店 2018.5 |
|
| 页数: | 248页 | |
| 开本: | 27cm | |
| 丛书名: | ||
| 单 册: | ||
| 中图分类: | I214.81 | |
| 科图分类: | ||
| 主题词: | 中国文学--古典文学--作品综合集--明代 | |
| 电子资源: | ||
| ISBN: | 978-7-5149-2117-5 | |
| 000 | 00928nam0 2200229 45 | |
| 001 | 012001005354 | |
| 005 | 20181010092458.46 | |
| 010 | @a978-7-5149-2117-5@dCNY63.00 | |
| 100 | @a20180512d2018 em y0chiy0110 ea | |
| 101 | 0 | @achi |
| 102 | @aCN@b110000 | |
| 105 | @ay z 000yy | |
| 106 | @ar | |
| 200 | 1 | @a刍荛集@9chu rao ji@h一@f(明)周是修撰 |
| 210 | @a北京@c中国书店@d2018.5 | |
| 215 | @a248页@d27cm | |
| 330 | @a《刍荛集》六卷,明周是修撰。是集为其孙应鼇所编。凡诗三卷,赋及杂文共三卷。大抵风骨棱棱,溢於楮墨,望而知为忠臣义士之文。其矩度波澜,亦具合古法,不在当时作者下。世不甚称,殆转以气节掩欤。史称是修由霍邱训导迁周王府纪善。王多不法,是修动绳以礼。今观集中,《修己十箴》与《保国直言》二篇,盖即是时之所作。 | |
| 606 | 0 | @a中国文学@x古典文学@x作品综合集@x明代 |
| 690 | @aI214.81@v5 | |
| 701 | 0 | @a(明)周是修@9( ming ) zhou shi xiu@4撰 |
| 801 | 0 | @aCN@b上海新华@c20180901 |
| 905 | @b1173694-6@dI214.81@e927:1@f3 | |
| 刍荛集.一/(明)周是修撰.-北京:中国书店,2018.5 |
| 248页;27cm |
| ISBN 978-7-5149-2117-5:CNY63.00 |
| 《刍荛集》六卷,明周是修撰。是集为其孙应鼇所编。凡诗三卷,赋及杂文共三卷。大抵风骨棱棱,溢於楮墨,望而知为忠臣义士之文。其矩度波澜,亦具合古法,不在当时作者下。世不甚称,殆转以气节掩欤。史称是修由霍邱训导迁周王府纪善。王多不法,是修动绳以礼。今观集中,《修己十箴》与《保国直言》二篇,盖即是时之所作。 |
| ● |
| 相关链接 |
|
|
|
|
正题名:刍荛集
索取号:I214.81/927:1
 
预约/预借
| 序号 | 登录号 | 条形码 | 馆藏地/架位号 | 状态 | 备注 |
| 1 | 1173694 | 211736941 | 第一样本阅览室/ [索取号:I214.81/927:1] | 在馆 | |
| 2 | 1173695 | 211736950 | 密集书库-史法系/ [索取号:I214.81/927:1] | 在馆 | |
| 3 | 1173696 | 211736969 | 第二借阅区/ [索取号:I214.81/927:1] | 在馆 |